Documento firmado por Don José Mariano Michelena (Record no. 4595)

MARC details
000 -CABECERA
campo de control de longitud fija 01507nam a2200289 a 4500
001 - NÚMERO DE CONTROL
campo de control BRCA_4901
005 - FECHA Y HORA DE LA ÚLTIMA TRANSACCIÓN
campo de control 20190320204842.0
008 - DATOS DE LONGITUD FIJA--INFORMACIÓN GENERAL
campo de control de longitud fija 201010s1824----uk-#######---#000-0#spa-#
041 ## - CÓDIGO DE LENGUA
Código de lengua del texto/banda sonora o título independiente spa
044 ## - CÓDIGO DEL PAÍS DE LA ENTIDAD EDITORA/PRODUCTORA
Código MARC del país Uk
084 ## - OTRO NÚMERO DE CLASIFICACIÓN
Número de clasificación DOC7
Número de documento/Ítem .M53
-- 1824
100 1# - ENTRADA PRINCIPAL--NOMBRE DE PERSONA
Nombre de persona Michelena, José Mariano
Fechas asociadas al nombre 1772-1852
9 (RLIN) 12418
245 10 - MENCIÓN DE TÍTULO
Título Documento firmado por Don José Mariano Michelena
Mención de responsabilidad, etc. José Mariano Michelena ; Nicolás Bravo ; Juan Nepomuceno Almonte.
260 ## - PUBLICACIÓN, DISTRIBUCIÓN, ETC.
Lugar de publicación, distribución, etc. Londres
Fecha de publicación, distribución, etc. 1824
300 ## - DESCRIPCIÓN FÍSICA
Extensión [4] fojas
Dimensiones 23 x 18 cm.
500 ## - NOTA GENERAL
Nota general Documento firmado el 31 de agosto de 1824.
500 ## - NOTA GENERAL
Nota general Documento de Don José Mariano Michelena fechado en Londres, dirigido a Don Nicolás Bravo y remitida a través del Teniente Coronel Almonte, quien regresa a México. En ella, Michelena le da cuenta a Bravo de la favorable situación de nuestro país como “depósito de la abundancia ante el mundo extranjero´ y hace votos para que en México impere la cordura y legalidad a través del grupo liberal.
500 ## - NOTA GENERAL
Nota general El documento contiene la leyenda DOC. #16.
506 0# - NOTA DE RESTRICCIONES AL ACCESO
Limitaciones de acceso Fondo Reservado. Para su consulta es necesario credencial de usuario y carta de motivos.
546 ## - NOTA DE LENGUA/LENGUAJE
Nota de lengua/lenguaje Texto en: español de principios del siglo XIX.
600 14 - PUNTO DE ACCESO ADICIONAL DE MATERIA--NOMBRE DE PERSONA
Nombre de persona Michelena, José Mariano
Fechas asociadas al nombre 1772-1852
Subdivisión general Historia
9 (RLIN) 12419
651 #4 - PUNTO DE ACCESO ADICIONAL DE MATERIA--NOMBRE GEOGRÁFICO
Nombre geográfico México
Subdivisión general Historia
Subdivisión cronológica Primeros gobiernos independientes,1821-1824
9 (RLIN) 12420
700 1# - PUNTO DE ACCESO ADICIONAL--NOMBRE DE PERSONA
Nombre de persona Bravo, Nicolás
Fechas asociadas al nombre 1786-1854
9 (RLIN) 12408
700 1# - PUNTO DE ACCESO ADICIONAL--NOMBRE DE PERSONA
Nombre de persona Almonte, Juan Nepomuceno
Fechas asociadas al nombre 1803-1869
9 (RLIN) 12421
902 ## - CATALOGADOR
Iniciales FDH
942 ## - ELEMENTOS DE PUNTO DE ACCESO ADICIONAL (KOHA)
Fuente del sistema de clasificación o colocación Library of Congress Classification
Tipo de ítem Koha Documentos
Holdings
Estado de retiro Estado de pérdida Estado dañado No para préstamo Localización permanente Ubicación/localización actual Fecha de adquisición Total de préstamos Signatura topográfica completa Código de barras Fecha visto por última vez Precio válido a partir de Tipo de ítem Koha
El ejemplar forma parte de la colección y puede ser consultado según las políticas vigentes.       Biblioteca del Museo Franz Mayer (Rogerio Casas-Alatriste) Biblioteca del Museo Franz Mayer (Rogerio Casas-Alatriste) 19/10/2010   DOC7 .M53 1824 4940 22/03/2019 22/03/2019 Documentos